000 nam a22 7a 4500
999 _c10773
_d10773
008 180223b ||||| |||| 00| 0 eng d
100 _aRoy. G
_9146
245 _aPerfect art education - IX
260 _aNew delhi
_bAPC Publication
_c2015